|
|
|
|
| LEADER |
00000naa2a2200000 4500 |
| 001 |
528572 |
| 005 |
20240212104044.0 |
| 035 |
|
|
|a (RuTPU)RU\TPU\prd\213911
|
| 035 |
|
|
|a RU\TPU\prd\213903
|
| 090 |
|
|
|a 528572
|
| 100 |
|
|
|a 20140225a1991 k y0rusy50 ca
|
| 101 |
0 |
|
|a rus
|
| 102 |
|
|
|a RU
|
| 200 |
1 |
|
|a Радиационные и спектральные характеристики γ-излучения электронов в различных монокристаллах
|f М. Ю. Андреяшкин [и др.]
|
| 320 |
|
|
|a Библиогр.: с. 337 (6 назв.)
|
| 461 |
|
1 |
|0 (RuTPU)RU\TPU\prd\397
|t Ядерная физика
|f Российская академия наук
|d 1965-
|
| 463 |
|
1 |
|0 (RuTPU)RU\TPU\prd\32353
|t Т. 53, № 2
|v С. 335-337
|d 1991
|
| 610 |
1 |
|
|a труды учёных ТПУ
|
| 701 |
|
1 |
|a Андреяшкин
|b М. Ю.
|
| 701 |
|
1 |
|a Забаев
|b В. Н.
|c физик
|c доцент Томского политехнического университета, ведущий научный сотрудник
|f 1946-
|g Виктор Николаевич
|3 (RuTPU)RU\TPU\pers\28133
|4 070
|
| 701 |
|
1 |
|a Калинин
|b Б. Н.
|
| 701 |
|
1 |
|a Науменко
|b Г. А.
|c физик
|c ведущий научный сотрудник Томского политехнического университета
|f 1947-
|g Геннадий Андреевич
|3 (RuTPU)RU\TPU\pers\26566
|
| 701 |
|
1 |
|a Потылицын
|b А. П.
|c российский физик
|c профессор Томского политехнического университета
|f 1945-
|g Александр Петрович
|3 (RuTPU)RU\TPU\pers\15853
|4 070
|9 5531
|
| 801 |
|
1 |
|a RU
|b 63413507
|c 20140222
|
| 801 |
|
2 |
|a RU
|b 63413507
|c 20160211
|g RCR
|
| 942 |
|
|
|c BK
|